States That Hosted a Super Bowl - Statistics

General Stats
  • This quiz has been taken 1,112 times
    696 since last reset
  • The average score is 8 of 11
Answer Stats
# State % Correct
14 California
97%
17 Florida
95%
4 Texas
91%
4 Arizona
77%
3 Georgia
77%
11 Louisiana
74%
2 Minnesota
62%
1 New Jersey
60%
2 Michigan
59%
1 Nevada
58%
1 Indiana
42%
No matching quizzes found
Score Distribution
Percent of People with Each Score
Percentile by Number Answered
Your Score History
You have not taken this quiz since the last reset